| 000 | 00526nam a22001817a 4500 | ||
|---|---|---|---|
| 005 | 20251108171146.0 | ||
| 008 | 250721s1992 xx 000 0 ara d | ||
| 082 | 1 | 4 | _aط/591/كتا |
| 245 | 1 | 0 | _aكتاب الأصوات / |
| 264 | 1 |
_aبيروت : _bدار القبس، _c1992. |
|
| 300 | _a47ص : مص | ||
| 490 | 0 | _aقاموس الطفل المصور | |
| 650 | 1 | 7 | _aالحيوانات |
| 650 | 1 | 7 | _aأصوات |
| 653 | _aاطفال ما قبل المدرسه (0-5) سنوات | ||
| 942 |
_2ddc _cBK |
||
| 999 |
_c58115 _d58115 |
||